000
00326nam a22001457a 4500
005
20170401165738.0
008
170401b xxu||||| |||| 00| 0 eng d
020
_a
81-219-2320-4
041
_a
eng
100
_a
DAYARATNAM,P
_9
3812
245
_a
DESING OF STEEL STRUCTURES
260
_b
S.CHAND
300
_a
868
942
_c
BK
999
_c
5410
_d
5408